000 01008nam a2200301 i 4500
001 000048191
003 DO-SdBNP
005 20250919112547.0
007 ta
008 110414s2016 dr 000 0 spa d
020 _a9789945900958
040 _aDO-SdBNP
_bspa
_cBNPHU
_erda
041 _asp
082 _axxxx
_bP438r, 2017
_222
100 1 _aPérez Saviñón, José Joaquín
_erda
_955022
245 1 0 _aResumen de la verdadera historia del general Juan Pablo Duarte y Díez /
_cJosé Joaquín Pérez Saviñón.
250 _aSegunda edición
264 _aSanto Domingo :
_bTribunal Constitucional de la República Dominicana,
_c2017
300 _a36 páginas ;
_c14 cm.
336 _ardacontent
_btexto
_2txt
337 _ardamedia
_bsin mediación
_2n
338 _ardacarrier
_bvolumen
_2nc
590 _aInventariado, 2025/DG
600 1 0 _aDuarte, Juan Pablo,
_d1813-1876
_91494
710 1 _aRepública Dominicana.
_bCorte de Constitucionalidad
_971191
910 _aDG
942 _2ddc
_cLF2
999 _c59799
_d59799